LEADER 02794nam 22004813 450 001 9911046641903321 005 20230629233838.0 010 $a9789587324730 010 $a9587324730 035 $a(CKB)5680000000027557 035 $a(MiAaPQ)EBC29238922 035 $a(Au-PeEL)EBL29238922 035 $a(NjHacI)995680000000027557 035 $a(OCoLC)1321805629 035 $a(EXLCZ)995680000000027557 100 $a20220512d2021 uy 0 101 0 $aspa 135 $aurcnu|||||||| 181 $ctxt$2rdacontent 182 $cc$2rdamedia 183 $acr$2rdacarrier 200 10$aArquitectura Basada en Contexto para el Soporte de Servicios de VoD de IPT $eArquitectura Basada en Contexto para el Soporte De 205 $a1st ed. 210 1$aBogota :$cUniversidad del Cauca,$d2021. 210 4$d©2021. 215 $a1 online resource (222 pages) 311 08$a9789587324723 311 08$a9587324722 320 $aIncludes bibliographical references and index. 327 $aFront Matter -- Table of Contents -- Presentacio?n -- Conceptos introductorios -- Arquitectura de alto nivel del servicio de VoD -- Escenario de streaming adaptativo DASH -- Dataset de contenidos de video -- Sistemas de recomendacio?n contextual -- Evaluacio?n y pruebas -- Conclusiones y trabajos futuros -- Glosario -- Referencias citadas -- I?ndice anali?tico -- Sobre los autores -- Back Matter. 330 $aDentro de los servicios de distribucio?n de contenidos multimedia de IPTV se destaca, por los beneficios econo?micos brindados y por la amplia difusio?n en portales como YOUTUBE, Vimeo y Netflix, el servicios por suscripcio?n VoD, que consiste ba?sicamente, en una aplicacio?n que permite acceso al contenido multimedia en el momento exacto que el usuario lo desee, A pesar de las ventajas del servicio de VoD, este tiene asociadas un conjunto de retos relacionados con el acceso a?gil y el consumo adecuado del contenido multimedia por parte de los usuarios, los cuales son tomados como principal foco de estudio de este libro. Para abordar los anteriores retos, los resultados de investigacio?n plasmados en este libro plantearon el enriquecimiento de la arquitectura del servicio de VoD, teniendo en cuenta el concepto de contexto en telecomunicaciones y sus dimensiones asociadas -usuario, dispositivo, red y servicio-. 606 $aDigital television 615 0$aDigital television. 676 $a621.388 700 $aArciniegas Herrera$b Jose Luis$01847826 701 $aChanchí G$b Gabriel Elías$01865265 801 0$bMiAaPQ 801 1$bMiAaPQ 801 2$bMiAaPQ 906 $aBOOK 912 $a9911046641903321 996 $aArquitectura Basada en Contexto para el Soporte de Servicios de VoD de IPT$94472324 997 $aUNINA